000
00322nam a22001337a 4500
008
171107b xxu||||| |||| 00| 0 eng d
020
_a
0835969452
041
_a
eng
080
_a
330.722.6
100
_a
62
101
_a
KON
245
_a
SPREADSHEET APPLICATIONS IN FINANCIAL ACCOUNTING
_c
ANTONIO,A.E
942
_2
udc
_c
BK
999
_c
38050
_d
38050